Statistiques concernant Among Us The Skeld

Cliquez ici pour prendre le quiz!

Statistiques générales

  • Ce quiz a été pris 153 fois
    (99 depuis la dernière actualisation)
  • Le résultat moyen est 15 sur 38

Statistiques - réponses

IndiceRéponse% Correct
PièceCafeteria
91%
PièceElectric
84%
PièceAdmin
83%
PièceReactor
79%
PièceNavigation
78%
PièceO2
72%
PièceWeapons
72%
PièceShields
70%
PièceMed Bay
68%
PièceStorage
68%
PièceUpper engine
68%
PièceLower engine
64%
PièceSecurity
63%
Nombre de pièces14
61%
Nombre de types de tâches4
59%
PièceCommunications
58%
Nombre de tâches16
57%
Type tâcheLongue
33%
Type tâcheCourte
32%
À la cafeteria seulement, on peut faire un...Emergency meeting
28%
Type tâcheCommune
26%
TâcheSwipe card
24%
TâcheStart reactor
20%
TâcheFix wiring
17%
TâcheUpload data
16%
TâcheEmpty garbage
14%
TâcheFuel engines
14%
TâcheClear asteroids
13%
TâcheSubmit scan
13%
TâchePrime shields
12%
TâcheStabilize steering
12%
TâcheUnlock manifolds
12%
TâcheClean o2 filter
11%
TâcheInspect sample
11%
Type tâcheVisuelle
11%
TâcheAlign engine out
9%
TâcheCalibrate distributor
9%
TâcheChart course
8%

Distribution des résultats

Percentile par nombre de réponses

% des personnes avec chaque résultat

Votre développement - résultats

Vous n’avez pas pris ce quiz depuis la dernière actualisation